000
00434nam a2200169Ia 4500
008
090711s9999 xx 000 0 und d
082
_b
61984
100
_a
सामंत माया
245
_a
घरंदाज
260
_c
1988
300
_a
148
600
_a
सामंत माया
630
_a
घरंदाज
700
_a
सामंत माया
730
_a
घरंदाज
942
_c
BOOK
999
_c
294874
_d
294874